Opera lúcida II: Godofredo Iommi Amunátegui

Salvato in:
Dettagli Bibliografici
Autore principale: Garretón Correa, Alejandro Alfredo (autor)
Natura: Libro
Lingua:spagnolo
Pubblicazione: Viña del Mar Godofredo Iommi Amunátegui 2007
Soggetti:
Tags: Aggiungi Tag
Nessun Tag, puoi essere il primo ad aggiungerne!!

MARC

LEADER 00000nam a2200000 a 4500
001 UCI6135
003 CL-VaPUC
008 080418e20070000CL |||||||||||||||||spa|d
082 0 4 |a 701.1  |b GAR  |2 21 
100 |a Garretón Correa, Alejandro Alfredo  |e autor  |9 822372 
245 1 0 |a Opera lúcida II: Godofredo Iommi Amunátegui 
300 |a 185 p 
942 |c BK 
945 |d 20080418 00:00:00  |a jtorresc 
260 |a Viña del Mar  |b Godofredo Iommi Amunátegui  |c 2007 
650 0 |a Obras de arte  |9 337253 
650 7 |a HISTORIA DE ARTE  |2 CL-VaPUC  |9 528896 
583 |a last modification  |c 20080418 00:00:00  |k Rodrigo Vera 
999 |c 329722  |d 329720 
952 |0 0  |1 0  |4 0  |6 701_100000000000000_GAR_2007  |7 0  |8 P  |9 414745  |a BIBART  |b BIBART  |d 2019-11-22  |i 4430646  |o 701.1 GAR 2007  |p 4430646  |r 2025-03-13  |w 2019-11-22  |y BK  |k ART 
952 |0 0  |1 0  |4 0  |6 701_100000000000000_GAR_2007  |7 0  |8 A  |9 414746  |a BIBGIM  |b BIBGIM  |d 2019-11-22  |i 4429753  |o 701.1 GAR 2007  |p 4429753  |r 2025-01-15  |w 2019-11-22  |y BK  |k GIM